[Event "EU-ch U08 rapid"]
[Site "Terme Catez"]
[Date "2023.09.29"]
[Round "7"]
[White "Wolynski, Antoni"]
[Black "Bilic, Mihajlo"]
[Result "1-0"]
[WhiteElo "1053"]
[BlackElo "1716"]
[PlyCount "115"]
[EventDate "2023.09.28"]
[EventType "swiss (rapid)"]
[EventRounds "9"]
[EventCountry "SLO"]
[SourceTitle "EXT 2024"]
[Source "ChessBase"]
[SourceDate "2023.10.10"]
[SourceVersion "1"]
[SourceVersionDate "2023.10.10"]
[SourceQuality "1"]

1. e4 e5 2. Nf3 Nc6 3. Bc4 Nf6 4. d3 Be7 5. c3 d6 6. 0-0 0-0 7. Bb3 Bg4 8. h3 Be6 9. Bc2 h6 10. Re1 Re8 11. Nbd2 Bf8 12. Nf1 Qd7 13. Ng3 d5 14. exd5 Bxd5 15. Ba4 Bxf3 16. Qxf3 Nd4 17. cxd4 Qxa4 18. dxe5 Qb4 19. Bf4 Nh5 20. Nxh5 Qxb2 21. Qg3 Kh7 22. Reb1 Qd4 23. Qf3 Bb4 24. Rd1 b6 25. Qg3 Bf8 26. Qg4 Re6 27. Qf3 Rd8 28. Rac1 Bc5 29. Rc4 Qd7 30. d4 Be7 31. d5 Rg6 32. Qc3 Bc5 33. Qd3 Kh8 34. Rc2 c6 35. d6 a5 36. a4 Kg8 37. Qe4 Qe6 38. Rb2 f5 39. Qxc6 Qc4 40. Qd5+ Qxd5 41. Rxd5 Rd7 42. Re2 Re6 43. Rc2 Kf7 44. Kf1 Rg6 45. f3 Ke6 46. Rcd2 Ba3 47. R2d3 Bc5 48. g4 fxg4 49. hxg4 Kf7 50. Be3 Bxe3 51. Rxe3 Ke6 52. Nf4+ Kf7 53. Nxg6 Kxg6 54. e6 Rd8 55. e7 Re8 56. d7 Rh8 57. e8Q+ Rxe8 58. dxe8Q+ 1-0